[Event "Pereyra mem-B email"]
[Site "CAPA email"]
[Date "2000.08.02"]
[Round "?"]
[White "Bertorello, Juan Manuel"]
[Black "Wang, Mong Lin"]
[Result "1-0"]
[WhiteElo "2442"]
[BlackElo "2463"]
[PlyCount "115"]
[EventDate "1999.08.??"]
[EventType "tourn (corr)"]
[EventRounds "14"]
[EventCountry "ARG"]
[EventCategory "8"]
[SourceTitle "Corr 2002"]
[Source "ChessBase"]
[SourceDate "2002.05.23"]
[SourceVersion "1"]
[SourceVersionDate "2002.05.23"]
[SourceQuality "1"]

1. e4 c5 2. Nf3 e6 3. d4 cxd4 4. Nxd4 a6 5. Bd3 Nf6 6. 0-0 d6 7. c4 Be7 8. Nc3 0-0 9. Be3 Nbd7 10. f4 Re8 11. Qf3 Bf8 12. Rad1 Qc7 13. Qh3 e5 14. Nf5 exf4 15. Rxf4 Ne5 16. Bd4 Kh8 17. Rh4 h6 18. Rf1 Bxf5 19. Rxf5 Qa5 20. a3 Rac8 21. Rxf6 gxf6 22. Nd5 Re6 23. Bf1 Kg8 24. Qf5 Qd8 25. Bb6 Qe8 26. Rh3 Bg7 27. Be3 Ng6 28. Bxh6 Bxh6 29. Rxh6 Kg7 30. Qh3 Qg8 31. Ne3 Kf8 32. Nf5 Rd8 33. Rh7 Rxe4 34. Qh6+ Ke8 35. Rg7 Qf8 36. Qh7 Rf4 37. Bd3 Rxf5 38. Bxf5 Qe7 39. Qg8+ Nf8 40. Kf2 d5 41. Bg6 Rd7 42. Rxf7 Qc5+ 43. Kf3 Rxf7 44. Bxf7+ Ke7 45. Bxd5 Nd7 46. Qe6+ Kd8 47. Bxb7 Qh5+ 48. Kg3 Qg5+ 49. Kf2 Qd2+ 50. Qe2 Qf4+ 51. Bf3 Ne5 52. Qe4 Qd2+ 53. Kg3 Qxb2 54. Qd5+ Ke7 55. Qb7+ Qxb7 56. Bxb7 Nxc4 57. Bxa6 Nxa3 58. Bd3 1-0

[Event "Pereyra mem-B email"]
[Site "CAPA email"]
[Date "2000.08.02"]
[Round "?"]
[White "Hedrera, Marcelo Ernesto"]
[Black "Wang, Mong Lin"]
[Result "0-1"]
[WhiteElo "2447"]
[BlackElo "2463"]
[PlyCount "72"]
[EventDate "1999.08.??"]
[EventType "tourn (corr)"]
[EventRounds "14"]
[EventCountry "ARG"]
[EventCategory "8"]
[SourceTitle "Corr 2002"]
[Source "ChessBase"]
[SourceDate "2002.05.23"]
[SourceVersion "1"]
[SourceVersionDate "2002.05.23"]
[SourceQuality "1"]

1. e4 c5 2. Nf3 e6 3. d4 cxd4 4. Nxd4 a6 5. Bd3 Nf6 6. 0-0 d6 7. f4 Be7 8. Kh1 Nbd7 9. Nc3 0-0 10. Qe2 Qc7 11. Bd2 b5 12. Rae1 Nc5 13. b4 Nxd3 14. cxd3 Bb7 15. Rc1 Qd7 16. Rc2 Rfc8 17. Rfc1 Rc7 18. Nb3 Rac8 19. Be3 Bd8 20. Na5 Ba8 21. Qe1 Qe8 22. Bb6 Rd7 23. Qg1 Bxb6 24. Qxb6 Rdc7 25. Nb3 Rc6 26. Qe3 e5 27. fxe5 dxe5 28. Nc5 Rd8 29. Ne2 Ng4 30. Qf3 Nh6 31. Qh5 f5 32. Qxe8+ Rxe8 33. Nc3 Rd6 34. exf5 Nxf5 35. Rf2 Nd4 36. Rd1 Ne6 0-1

[Event "Pereyra mem-B email"]
[Site "CAPA email"]
[Date "2000.08.02"]
[Round "?"]
[White "Wang, Mong Lin"]
[Black "Beaumont, David"]
[Result "1/2-1/2"]
[WhiteElo "2463"]
[BlackElo "2508"]
[PlyCount "90"]
[EventDate "1999.08.??"]
[EventType "tourn (corr)"]
[EventRounds "14"]
[EventCountry "ARG"]
[EventCategory "8"]
[SourceTitle "Corr 2002"]
[Source "ChessBase"]
[SourceDate "2002.05.23"]
[SourceVersion "1"]
[SourceVersionDate "2002.05.23"]
[SourceQuality "1"]

1. e4 e5 2. Nf3 Nc6 3. d4 exd4 4. Nxd4 Nf6 5. Nxc6 bxc6 6. e5 Qe7 7. Qe2 Nd5 8. c4 Nb6 9. Nd2 a5 10. g3 Qe6 11. b3 a4 12. Bb2 Bb4 13. Bg2 0-0 14. 0-0 d5 15. Nf3 a3 16. Bd4 c5 17. Be3 Ba6 18. Qc2 Qg6 19. Qxg6 hxg6 20. e6 fxe6 21. Nh4 dxc4 22. Bxa8 Rxa8 23. bxc4 Nxc4 24. Rfd1 Nxe3 25. fxe3 g5 26. Ng2 Bb5 27. h4 c4 28. Rab1 c5 29. hxg5 c3 30. Ne1 Ba4 31. Rdc1 Bc6 32. Nc2 Be4 33. Rb3 Bd5 34. Rxb4 cxb4 35. Nxb4 Rc8 36. Nxd5 exd5 37. g6 c2 38. Kf2 Rc6 39. Ke2 Rxg6 40. Rxc2 Rxg3 41. Kd3 Rg1 42. Rc3 Kf7 43. Rxa3 Ke6 44. Ra8 g5 45. a4 g4 1/2-1/2

[Event "Pereyra mem-B email"]
[Site "CAPA email"]
[Date "2000.08.02"]
[Round "?"]
[White "Wang, Mong Lin"]
[Black "Morais, Gustavo Joao FS"]
[Result "0-1"]
[WhiteElo "2463"]
[BlackElo "2436"]
[PlyCount "174"]
[EventDate "1999.08.??"]
[EventType "tourn (corr)"]
[EventRounds "14"]
[EventCountry "ARG"]
[EventCategory "8"]
[SourceTitle "Corr 2002"]
[Source "ChessBase"]
[SourceDate "2002.05.23"]
[SourceVersion "1"]
[SourceVersionDate "2002.05.23"]
[SourceQuality "1"]

1. e4 c5 2. Nf3 d6 3. d4 cxd4 4. Nxd4 Nf6 5. Nc3 a6 6. Be3 e6 7. g4 h6 8. f4 e5 9. Nf5 h5 10. Nd5 Nxd5 11. Qxd5 g6 12. Bc4 Rh7 13. Ng3 hxg4 14. fxe5 Qc7 15. exd6 Bxd6 16. 0-0-0 Be5 17. Qd3 Nc6 18. Bd5 Bd7 19. Qb3 Na5 20. Qb6 Qxb6 21. Bxb6 Nc6 22. Rhf1 f6 23. Rf2 Rh3 24. c3 Kf8 25. Bd4 Kg7 26. Bxe5 Nxe5 27. Bxb7 Rah8 28. Bxa6 Rxh2 29. Rxh2 Rxh2 30. Bf1 f5 31. exf5 gxf5 32. Rd4 Kf6 33. a4 Kg5 34. a5 Bc6 35. a6 f4 36. Ne4+ Kf5 37. Nd6+ Ke6 38. a7 Rh1 39. Rd1 Rxf1 40. Rxf1 Kxd6 41. Kd2 g3 42. Rxf4 Kc7 43. Rf6 Bb7 44. Rf1 g2 45. Ra1 Nf3+ 46. Kd3 g1Q 47. Rxg1 Nxg1 48. Kc4 Kb6 49. b3 Kxa7 50. Kb5 Ne2 51. c4 Bf3 52. b4 Nd4+ 53. Kc5 Nc2 54. Kb5 Na3+ 55. Kc5 Be2 56. Kd6 Bxc4 57. Kc6 Bb5+ 58. Kc5 Be8 59. Kd5 Kb6 60. Kd4 Kb5 61. Kc3 Bf7 62. Kd4 Kxb4 63. Ke4 Nc4 64. Kf5 Nd6+ 65. Kf6 Kc5 66. Ke5 Bd5 67. Kf6 Kd4 68. Kg5 Ke5 69. Kg6 Nf5 70. Kg5 Ne7 71. Kg4 Be4 72. Kg3 Nf5+ 73. Kf2 Nd4 74. Ke3 Nb3 75. Kf2 Kf4 76. Ke2 Bf5 77. Kf2 Bg4 78. Kf1 Nc5 79. Ke1 Ke3 80. Kf1 Nd3 81. Kg2 Kf4 82. Kh2 Kf3 83. Kg1 Bh3 84. Kh1 Kg3 85. Kg1 Ne5 86. Kh1 Bg2+ 87. Kg1 Nf3# 0-1

[Event "Pereyra mem-B email"]
[Site "CAPA email"]
[Date "2000.08.02"]
[Round "?"]
[White "Wang, Mong Lin"]
[Black "Strand, Torgeir"]
[Result "1-0"]
[WhiteElo "2463"]
[BlackElo "2399"]
[PlyCount "57"]
[EventDate "1999.08.??"]
[EventType "tourn (corr)"]
[EventRounds "14"]
[EventCountry "ARG"]
[EventCategory "8"]
[SourceTitle "Corr 2002"]
[Source "ChessBase"]
[SourceDate "2002.05.23"]
[SourceVersion "1"]
[SourceVersionDate "2002.05.23"]
[SourceQuality "1"]

1. e4 d5 2. exd5 Nf6 3. c4 e6 4. dxe6 Bxe6 5. Nf3 Nc6 6. d4 Bb4+ 7. Nc3 Ne4 8. Bd2 Nxd2 9. Qxd2 Qe7 10. 0-0-0 0-0-0 11. a3 Na5 12. Qc2 Bd6 13. d5 Bg4 14. b4 Rhe8 15. Bd3 Qf6 16. bxa5 Bxa3+ 17. Kb1 Bxf3 18. gxf3 Bb4 19. Ne4 Qxf3 20. a6 bxa6 21. c5 Kb8 22. Qc4 Ka8 23. d6 cxd6 24. Nxd6 Rxd6 25. cxd6 Bxd6 26. Rhe1 Qb7+ 27. Ka2 Rc8 28. Qd4 Bc5 29. Qa4 1-0

[Event "Rusakov Memorial corr"]
[Site "Russia corr"]
[Date "1999.??.??"]
[Round "?"]
[White "Lyukmanov, Vyacheslav Borisovi"]
[Black "Wang, Mong Lin"]
[Result "1/2-1/2"]
[WhiteElo "2419"]
[BlackElo "2497"]
[PlyCount "113"]
[EventDate "1999.??.??"]
[EventType "tourn (corr)"]
[EventRounds "14"]
[EventCountry "RUS"]
[EventCategory "5"]
[SourceTitle "Corr 2002"]
[Source "ChessBase"]
[SourceDate "2002.05.23"]
[SourceVersion "1"]
[SourceVersionDate "2002.05.23"]
[SourceQuality "1"]

1. d4 Nf6 2. Bg5 Ne4 3. Bf4 c5 4. f3 Qa5+ 5. c3 Nf6 6. Nd2 cxd4 7. Nb3 Qb6 8. Qxd4 Nc6 9. Qxb6 axb6 10. Be3 b5 11. Nd4 Nd5 12. Bf2 Nxd4 13. Bxd4 e5 14. Bf2 b4 15. c4 Nc7 16. e3 Bc5 17. Ne2 0-0 18. Nc1 d6 19. Nb3 Be6 20. Be2 Ra6 21. Nxc5 dxc5 22. e4 b6 23. a4 bxa3 24. Rxa3 Rxa3 25. bxa3 Ra8 26. Kd2 f6 27. Rb1 Ra6 28. a4 Na8 29. Ra1 Ra5 30. Be1 Bd7 31. Bd1 Ra6 32. Ke3 Nc7 33. Bc3 Be6 34. Bb3 Ne8 35. a5 Nd6 36. Kd3 g5 37. axb6 Rxb6 38. Ra8+ Kf7 39. Ba2 Kg6 40. Bd2 h5 41. Kc3 Nb7 42. Bb3 Nd6 43. Ra4 Nb7 44. Ra7 h4 45. Be3 Bd7 46. Bd1 Kf7 47. g3 hxg3 48. hxg3 Ke6 49. f4 gxf4 50. gxf4 Kd6 51. f5 Bc6 52. Bc2 Bd7 53. Ra8 Bc6 54. Bf2 Ke7 55. Ra5 Kd6 56. Ra7 Be8 57. Ra8 1/2-1/2

[Event "Rusakov Memorial corr"]
[Site "Russia corr"]
[Date "1999.??.??"]
[Round "?"]
[White "Wang, Mong Lin"]
[Black "Van Wieringen, Cornelius A"]
[Result "1/2-1/2"]
[WhiteElo "2497"]
[BlackElo "2457"]
[PlyCount "63"]
[EventDate "1999.??.??"]
[EventType "tourn (corr)"]
[EventRounds "14"]
[EventCountry "RUS"]
[EventCategory "5"]
[SourceTitle "Corr 2002"]
[Source "ChessBase"]
[SourceDate "2002.05.23"]
[SourceVersion "1"]
[SourceVersionDate "2002.05.23"]
[SourceQuality "1"]

1. e4 e5 2. Nf3 Nc6 3. d4 exd4 4. Nxd4 Bc5 5. Be3 Qf6 6. c3 Nge7 7. g3 d5 8. Bg2 dxe4 9. Nd2 Bxd4 10. cxd4 0-0 11. Nxe4 Qg6 12. 0-0 Be6 13. Nc3 Rad8 14. Re1 Rfe8 15. Rc1 Nxd4 16. Qa4 Nec6 17. Nb5 Qg4 18. Nxd4 Nxd4 19. Bxd4 Qxd4 20. Qxd4 Rxd4 21. Rxc7 Red8 22. Bxb7 Rd2 23. a4 Rxb2 24. Be4 a6 25. Ra7 g6 26. Rxa6 Rdd2 27. a5 Rxf2 28. Rd6 Ra2 29. a6 Rfb2 30. Bb7 Kg7 31. Rdd1 Bc4 32. Rd6 1/2-1/2

[Event "Pappier mem-C email"]
[Site "Argentina"]
[Date "1998.??.??"]
[Round "?"]
[White "Colombo Berra, Fernando"]
[Black "Wang, Mong Lin"]
[Result "1/2-1/2"]
[WhiteElo "2336"]
[BlackElo "2497"]
[PlyCount "50"]
[EventDate "1998.??.??"]
[EventType "tourn (corr)"]
[EventRounds "14"]
[EventCountry "ARG"]
[EventCategory "5"]
[SourceTitle "Corr 2002"]
[Source "ChessBase"]
[SourceDate "2002.05.23"]
[SourceVersion "1"]
[SourceVersionDate "2002.05.23"]
[SourceQuality "1"]

1. e4 c5 2. Nf3 e6 3. d4 cxd4 4. Nxd4 a6 5. Bd3 Nf6 6. 0-0 d6 7. c4 Be7 8. Nc3 0-0 9. Be3 Nbd7 10. f4 Re8 11. Qf3 Bf8 12. Qg3 e5 13. fxe5 Nxe5 14. Be2 Bg4 15. b3 Bxe2 16. Ndxe2 b5 17. cxb5 axb5 18. Nxb5 Nxe4 19. Qh3 d5 20. a4 Qc8 21. Qxc8 Raxc8 22. Ra2 Nd3 23. Bb6 Nb4 24. Rb2 Re6 25. Bd4 Nd3 1/2-1/2

[Event "Pappier mem-C email"]
[Site "Argentina"]
[Date "1998.??.??"]
[Round "?"]
[White "Wang, Mong Lin"]
[Black "Beaumont, David"]
[Result "0-1"]
[WhiteElo "2497"]
[BlackElo "2296"]
[PlyCount "42"]
[EventDate "1998.??.??"]
[EventType "tourn (corr)"]
[EventRounds "14"]
[EventCountry "ARG"]
[EventCategory "5"]
[SourceTitle "Corr 2002"]
[Source "ChessBase"]
[SourceDate "2002.05.23"]
[SourceVersion "1"]
[SourceVersionDate "2002.05.23"]
[SourceQuality "1"]

1. e4 e5 2. Nf3 Nc6 3. d4 exd4 4. Nxd4 Nf6 5. Nxc6 bxc6 6. e5 Qe7 7. Qe2 Nd5 8. c4 Ba6 9. b3 g6 10. f4 Qb4+ 11. Bd2 Qb6 12. Qe4 f5 13. exf6+ Kf7 14. Qd3 Re8+ 15. Be2 Bb4 16. Kd1 Bxd2 17. Qxd2 Re4 18. Kc1 Rhe8 19. Bf3 Rd4 20. Bxd5+ cxd5 21. Qc3 dxc4 0-1